Encyclopedia of distributed learning (Record no. 479666)

MARC details
000 -LEADER
fixed length control field 01675cam a2200397 a 4500
001 - CONTROL NUMBER
control field EDZ0000018981
003 - CONTROL NUMBER IDENTIFIER
control field StDuBDS
005 - DATE AND TIME OF LATEST TRANSACTION
control field 20161031105121.0
006 - FIXED-LENGTH DATA ELEMENTS--ADDITIONAL MATERIAL CHARACTERISTICS--GENERAL INFORMATION
fixed length control field m||||||||d||||||||
007 - PHYSICAL DESCRIPTION FIXED FIELD--GENERAL INFORMATION
fixed length control field cr |||||||||||
008 - FIXED-LENGTH DATA ELEMENTS--GENERAL INFORMATION
fixed length control field 110107s2004 cau fo 001|0|eng|d
020 ## - INTERNATIONAL STANDARD BOOK NUMBER
International Standard Book Number 9781412950596 (ebook) :
Terms of availability No price
040 ## - CATALOGING SOURCE
Original cataloging agency StDuBDS
Language of cataloging eng
Transcribing agency StDuBDS
Description conventions pn
049 ## - LOCAL HOLDINGS (OCLC)
Holding library Alfaisal Main Library
050 #4 - LIBRARY OF CONGRESS CALL NUMBER
Classification number LC5211
082 04 - DEWEY DECIMAL CLASSIFICATION NUMBER
Classification number 374.003
Edition number 22
245 00 - TITLE STATEMENT
Title Encyclopedia of distributed learning
Medium [electronic resource] /
Statement of responsibility, etc editors, Anna DiStefano, Kjell Erik Rudestam, Robert J. Silverman.
260 ## - PUBLICATION, DISTRIBUTION, ETC. (IMPRINT)
Place of publication, distribution, etc Thousand Oaks, Calif. ;
-- London :
Name of publisher, distributor, etc SAGE,
Date of publication, distribution, etc c2004.
300 ## - PHYSICAL DESCRIPTION
Extent 1 online resource (xxvi, 549 p.)
500 ## - GENERAL NOTE
General note "A SAGE reference publication."
520 8# - SUMMARY, ETC.
Summary, etc The 'Encyclopedia of Distributed Learning' defines and applies the best practices of contemporary continuing education designed for adults in corporate settings, Open University settings graduate coursework and in similar learning environments.
521 ## - TARGET AUDIENCE NOTE
Target audience note Specialized.
588 ## -
-- Description based on print version record.
504 ## - BIBLIOGRAPHY, ETC. NOTE
Bibliography, etc Includes bibliographical references and index.
650 #0 - SUBJECT ADDED ENTRY--TOPICAL TERM
Topical term or geographic name as entry element Continuing education
Form subdivision Encyclopedias.
650 #0 - SUBJECT ADDED ENTRY--TOPICAL TERM
Topical term or geographic name as entry element Distance education
Form subdivision Encyclopedias.
650 #0 - SUBJECT ADDED ENTRY--TOPICAL TERM
Topical term or geographic name as entry element Adult learning
Form subdivision Encyclopedias.
655 #7 - INDEX TERM--GENRE/FORM
Genre/form data or focus term Electronic books.
Source of term local
700 1# - ADDED ENTRY--PERSONAL NAME
Personal name DiStefano, Anna.
700 1# - ADDED ENTRY--PERSONAL NAME
Personal name Rudestam, Kjell Erik.
700 1# - ADDED ENTRY--PERSONAL NAME
Personal name Silverman, Robert J.
Fuller form of name (Robert Jay),
Dates associated with a name 1940-
710 2# - ADDED ENTRY--CORPORATE NAME
Corporate name or jurisdiction name as entry element Sage eBooks
776 08 - ADDITIONAL PHYSICAL FORM ENTRY
Display text Print version :
International Standard Book Number 9780761924517
856 40 - ELECTRONIC LOCATION AND ACCESS
Uniform Resource Identifier <a href="http://ezproxy.alfaisal.edu/login?url=http://sk.sagepub.com/reference/distributedlearning">http://ezproxy.alfaisal.edu/login?url=http://sk.sagepub.com/reference/distributedlearning</a>
942 ## - ADDED ENTRY ELEMENTS (KOHA)
Source of classification or shelving scheme Library of Congress Classification
Koha item type eBooks

No items available.

Copyright © 2020 Alfaisal University Library. All Rights Reserved.
Tel: +966 11 2158948 Fax: +966 11 2157910 Email:
librarian@alfaisal.edu